Devine ces films mal décrits #1 - Statistiques

Statistiques générales
  • Ce quiz a été pris 317 fois
    261 depuis la dernière actualisation
  • Le résultat moyen est 5 sur 15
Statistiques - réponses
Hint Réponse % Correct
Un père cherche son enfant avec l'aide d'une dame ayant des troubles de la mémoire Nemo
76%
Une femme de bonne famille et un jeune pauvre tombent amoureux et couchent ensemble dans une voiture Titanic
64%
Un milliardaire profite des ses nuits pour aller tabasser des handicapés mentaux Batman
59%
Un handicapé se métamorphose en alien pour se battre contre les humains Avatar
46%
Un enfant traumatisé est admis dans un établissement spécial et un chauve essaye de le tuer Harry Potter
42%
Un jeune homme décide de détruire un bijou (qui est un héritage familiale) avec ses copains Le Seigneur des Anneaux
40%
Un ado addict aux jeux vidéos se bat pour obtenir des clés Ready player one
38%
Un coureur automobile se fait kidnapper Cars
32%
un fils essaye de forcer ses parents à tomber amoureux. Retour vers le futur
31%
Un fils déçu des choix de vie de son père décide de commettre un attentat terroriste contre le pouvoir politique de son père causant des millions de morts Star Wars
31%
Une jeune femme demande des conseils à un psychiatre à l'alimentation douteuse Le silence des agneaux
28%
Un gérant d'hôtel a du mal à couper le cordon avec sa mère Psychose
18%
Un alcoolique décide de s'inscrire à un jeu d'argent contre des terroristes Casino royale
6%
Un adolescent entretient une relation avec une bête sauvage malgré que son père désapprouve Dragon
6%
Un très vieil homme et un orphelin se battent suite à des désaccords Civil War
2%
Aucun quiz correspondant
Distribution des résultats
% des personnes avec chaque résultat
Percentile par nombre de réponses
Votre historique - résultats
Vous n’avez pas pris ce quiz depuis la dernière actualisation